Reglamento para el gobierno de la Provincia de Californias, 1781 / (Record no. 10244)

MARC details
000 -LEADER
campo de control de longitud fija 01115nam a2200289 i 4500
001 - NÚMERO DE CONTROL
campo de control 10244
003 - IDENTIFICADOR DE NÚMERO DE CONTROL
campo de control ES-MaACL
005 - FECHA Y HORA DE LA ÚLTIMA TRANSACCIÓN
campo de control 20230906145840.0
007 - CAMPO FIJO DE DESCRIPCIÓN FÍSICA--INFORMACIÓN GENERAL
campo de control de longitud fija t|
008 - DATOS DE LONGITUD FIJA--INFORMACIÓN GENERAL
campo de control de longitud fija 950324s1994 sp |||| | spa d
020 ## - NÚMERO INTERNACIONAL ESTÁNDAR DEL LIBRO
Número Internacional Estándar del Libro 84-87111-42-4
080 ## - NÚMERO DE LA CLASIFICACIÓN DECIMAL UNIVERSAL
Número de la Clasificación Decimal Universal 35(794)"17"(094.5)
110 1# - ENTRADA PRINCIPAL--NOMBRE DE ENTIDAD CORPORATIVA
Nombre de entidad corporativa o nombre de jurisdicción como elemento de entrada California.
Unidad subordinada Gobernador.
9 (RLIN) 168371
245 10 - MENCIÓN DEL TÍTULO
Título Reglamento para el gobierno de la Provincia de Californias, 1781 /
Mención de responsabilidad, etc. Felipe de Neve ; edición de Salvador Bernabéu Albert.
260 ## - PUBLICACIÓN, DISTRIBUCIÓN, ETC.
Lugar de publicación, distribución, etc. Aranjuez :
Nombre del editor, distribuidor, etc. Doce Calles,
Fecha de publicación, distribución, etc. D.L. 1994.
300 ## - DESCRIPCIÓN FÍSICA
Extensión 117 p. ;
Dimensiones 24 cm.
490 1# - MENCIÓN DE SERIE
Mención de serie Regidores
505 8# - NOTA DE CONTENIDO CON FORMATO
Nota de contenido con formato Incluye: ;
Título Informe de Felipe de Neve (1778) ;
-- Reglamento de precios para la antigua California (1781) (p. 37-64)
534 ## - NOTA SOBRE LA VERSIÓN ORIGINAL
Frase introductoria Reprod. de la ed. de:
Publicación, distribución, etc. del original México : por D. Felipe de Zuniga y Ontiveros ..., año de 1784.
650 #4 - PUNTO DE ACCESO ADICIONAL DE MATERIA--TÉRMINO DE MATERIA
Término de materia o nombre geográfico como elemento de entrada Derecho colonial-
Subdivisión geográfica California-
Subdivisión de forma Fuentes.
9 (RLIN) 168370
700 1# - ENTRADA AGREGADA--NOMBRE PERSONAL
Nombre de persona Neve, Felipe de.
9 (RLIN) 85466
700 1# - ENTRADA AGREGADA--NOMBRE PERSONAL
Nombre de persona Bernabéu Albert, Salvador.
9 (RLIN) 28162
710 1# - ENTRADA AGREGADA--NOMBRE DE ENTIDAD CORPORATIVA
Nombre de entidad corporativa o nombre de jurisdicción como elemento de entrada España.
Unidad subordinada Rey (1759-1788: Carlos III)
9 (RLIN) 3960
830 0# - PUNTO DE ACCESO ADICIONAL DE SERIE-TÍTULO UNIFORME
Título uniforme Regidores
9 (RLIN) 228113
852 ## - LOCALIZACIÓN
Ubicación ES-MaACL
Número de control de estantería L-17681
Holdings
Estatus retirado Estado de pérdida Estado de daño No para préstamo Biblioteca de origen Biblioteca actual Ubicación en estantería Fecha de adquisición Fuente de adquisición Total de préstamos Signatura topográfica completa Código de barras Visto por última vez Precio de reemplazo Tipo de ítem Koha
        Biblioteca del Ateneo de Madrid Biblioteca del Ateneo de Madrid Depósito 2 17/01/2008     L-17681 1010453 23/02/2023 23/02/2023 Libro impreso